Statistiques concernant Rappeurs français

Cliquez ici pour prendre le quiz!

Statistiques générales

  • Ce quiz a été pris 6 039 fois
  • Le résultat moyen est 8 sur 9

Statistiques - réponses

Réponse% Correct
Jul
100%
Maitre Gims
98%
Orelsan
98%
Nekfeu
97%
Vald
96%
Booba
94%
Kaaris
93%
Lomepal
88%
Roméo Elvis
81%

Distribution des résultats

Percentile par nombre de réponses

% des personnes avec chaque résultat

Votre développement - résultats

Vous n’avez pas pris ce quiz